000 01075nam a22002657a 4500
001 BR7000376
003 BR-BrBNA
005 20230928083600.0
007 ta
008 230509b bl.||||| |||| 00| 0 por d
040 _aBR-BrBNA
_bpor
_cBiblioteca Nacional de Agricultura
041 _a(Por)
072 _aE10
_b/G514
090 _ E10 BR7000376
110 1 _aBanco do Nordeste do Brasil S.A., Fortaleza, CE. Depto. de Credito Geral
_91154
245 1 _aDepositos para investimentos no Nordeste (Relacao das pessoas juridicas que se beneficiaram, no exercicio de 1970, dos incentivos fiscais constantes da alinea B do artigo 18 da Lei 4.239 de 27/06/63 e do artigo 34 da Lei 3.995 de 14/12/61)[Brasil]
_bv. 6 - Alagoas, Maranhao, Mato Grosso, Para, Paraiba, Parana, Piaui, Rio de Janeiro, Rondonia, Santa Catarina, Sergipe
260 3 _aFortaleza, CE (Brasil):
_c[nd].
300 _a345 p.
500 _aPublished 1970?
650 _aMacroeconomia
650 _aInvestimento
650 _aIncentivo fiscal
909 _a202309
_bLucia
_c55
_dLucia Elande
942 _cBK
999 _c14297
_d14297